Diccionario esencial de sinónimos y antónimos (Registro nro. 12415)
[ vista simple ]
| 000 -CABECERA | |
|---|---|
| campo de control de longitud fija | 00469ntm a22001937a 4500 |
| 005 - FECHA Y HORA DE ACTUALIZACIÓN | |
| campo de control | 20230331150848.0 |
| 008 - LONGITUD FIJA | |
| campo de control de longitud fija | 170530b2000 xxu||||| |||| 00| 0 spa d |
| 041 ## - IDIOMA | |
| Código de idioma del texto/pista de sonido o título separado | Español |
| 082 ## - CLASIFICACIÓN DECIMAL DEWEY | |
| Número de clasificación | R 413.1 D545d |
| 245 ## - TÍTULO PROPIAMENTE DICHO | |
| Título | Diccionario esencial de sinónimos y antónimos |
| 260 ## - PIE DE IMPRENTA | |
| Lugar de publicación, distribución, etc. | España |
| 260 ## - PIE DE IMPRENTA | |
| Nombre del editor, distribuidor, etc. | Vox |
| 260 ## - PIE DE IMPRENTA | |
| Fecha de publicación, distribución, etc. | 2000 |
| 300 ## - DESCRIPCIÓN FÍSICA | |
| Extensión | 390 páginas |
| 650 ## - Materia General | |
| Materia general | DICCIONARIO |
| 650 ## - Materia General | |
| Materia general | SINÓNIMOS |
| 650 ## - Materia General | |
| Materia general | ANTÓNIMOS |
| 942 ## - Punto de Acceso Adicional Koha | |
| Tipo de ítem Koha | Referencia |
| Estado perdido | Estado dañado | No para préstamo | Biblioteca permanente | Biblioteca actual | Signatura completa | Código de barras | Precio efectivo a partir del | Tipo de ítem |
|---|---|---|---|---|---|---|---|---|
| Departamento de Biblioteca y Documentación Alfonso Chase Brenes | Departamento de Biblioteca y Documentación Alfonso Chase Brenes | R 413.1 D545d | 10007 | 15/10/2019 | Referencia | |||
| Departamento de Biblioteca y Documentación Alfonso Chase Brenes | Departamento de Biblioteca y Documentación Alfonso Chase Brenes | R 413.1 D545d | 11900 | 15/10/2019 | Referencia |